000 01113nam a2200313 a 4500
003 AR-BaBNM
005 20251128210645.0
008 082120s2002 ||||||||||||||000 | spa||
020 _a950-822-035-X
040 _cAR-BaBNM
100 1 _aFiori, Claudia
245 0 0 _aEl imaginario inicial
_buna manera de sacudir el ingenio de los chicos de 5
260 _aBuenos Aires
_bNovelibro
_c1998
300 _a389 p.
_bfacsím., fot., il.
_ecasete
500 _aContiene referencias bibliográficas
500 _aEste material viene acompañado por un kit de material didáctico
500 _aEste material viene acompañado por un cassette, solicitarlo en MEDIATECA. Al final del libro se anexa un cuadernillo con las letras de las canciones del cassette
650 4 _aACTIVIDADES DE APRENDIZAJE
653 _aEDUCACION INICIAL
653 _aAREAS CURRICULARES
653 _aPROYECTOS DE AULA
653 _aINTEGRACION DE AREAS
653 _aESTRATEGIAS DIDACTICAS
653 _aCONTENIDOS CURRICULARES
700 1 _aOtañi, Laiza
700 1 _aLudueña, Mirta
942 _cBK
998 _cRAQUEL
999 _c16327
_d16327